भारतीय संस्कृति के रक्षक संत (Record no. 1011712)

MARC details
000 -LEADER
fixed length control field 01175nam a2200265Ia 4500
003 - CONTROL NUMBER IDENTIFIER
control field OSt
005 - DATE AND TIME OF LATEST TRANSACTION
control field 20221005104111.0
008 - FIXED-LENGTH DATA ELEMENTS--GENERAL INFORMATION
fixed length control field 221004b |||||||| |||| 00| 0 san d
020 ## - INTERNATIONAL STANDARD BOOK NUMBER
International Standard Book Number 9789387968110 (hbk)
037 ## - SOURCE OF ACQUISITION
Terms of availability Textual
040 ## - CATALOGING SOURCE
Original cataloging agency CRL
Transcribing agency CRL
Language of cataloging san
041 ## - LANGUAGE CODE
Source of code san
Language code of text/sound track or separate title san
100 ## - MAIN ENTRY--PERSONAL NAME
Personal name श्रीवास्तव, शंभूनाथ, ले.
245 #0 - TITLE STATEMENT
Title भारतीय संस्कृति के रक्षक संत
Remainder of title 712 ई. से 1947 के पराधीन काल के उद्धारक
246 ## - VARYING FORM OF TITLE
Title proper/short title Bhāratīya sanskṛuti ke rakṣhak santa: 712 īse 1947 ke parādhīn kāl ke uddhāraka
260 ## - PUBLICATION, DISTRIBUTION, ETC.
Place of publication, distribution, etc. दिल्ली
Name of publisher, distributor, etc. ज्ञान गंगा भारत
Date of publication, distribution, etc. 2018
300 ## - PHYSICAL DESCRIPTION
Extent 240पृ0
Dimensions cm.
650 ## - SUBJECT ADDED ENTRY--TOPICAL TERM
Topical term or geographic name entry element संस्कृत साहित्य
942 ## - ADDED ENTRY ELEMENTS (KOHA)
Classification part O15:g(Delta25), 152Q8
Koha item type Textual
Source of classification or shelving scheme
Holdings
Withdrawn status Lost status Damaged status Not for loan Home library Current library Date acquired Source of acquisition Total Checkouts Full call number Barcode Date last seen Price effective from Koha item type Public note
        Central Library Central Library 2022-10-05 GV727, 11/03/2020, Vani Prakashan   O15:g(Delta25) 152Q8 CL1678697 2022-10-05 2022-10-05 Textual Translated from Sanskrit to Hindi
Copyright @ Delhi University Library System